| 000 | 00429nam a22001577a 4500 | ||
|---|---|---|---|
| 003 | OSt | ||
| 008 | 240828b |||||||| |||| 00| 0 eng d | ||
| 020 | _a9789353882310 | ||
| 082 |
_a320.954 _bANA |
||
| 100 | _aTOMAR, Ankit (Ed.) | ||
| 245 | _aAncient and Medieval Indian Thought: Themes and Traditions | ||
| 260 |
_aNew Delhi: _bSage, _c2020. |
||
| 300 | _axIiii,264p. | ||
| 700 | _aSuratha Kumar Malik (Ed.) | ||
| 942 |
_2ddc _cBK |
||
| 999 |
_c12844 _d12844 |
||